| 000 | 00405nam a2200157Ia 4500 | ||
|---|---|---|---|
| 008 | 160316s9999 xxu||||| |||| 00| 0 eng d | ||
| 082 |
_a345.050000 _bUPA |
||
| 100 | _aUpadhyay A C. | ||
| 245 | _aCommittes to study and suggest amendments in the juvenile justice | ||
| 250 | _a | ||
| 260 |
_a _bCCL _c0 |
||
| 300 |
_a32 _b _c |
||
| 365 | _b | ||
| 650 | _a1. juvenile justice 2. amendments | ||
| 700 |
_a _a |
||
| 999 |
_c34292 _d34292 |
||